| 000 | 00601nam a2200205 a 4500 | ||
|---|---|---|---|
| 008 | |||
| 049 | _aMAIN | ||
| 090 |
_aTK7872.F5 _bWIL |
||
| 100 | 1 | _aWilliams, Emrys | |
| 245 | 1 | 0 |
_aElectric Filter Circuits : _ban introductory course / _cEmrys Williams. |
| 260 |
_aLondon : _bSir Isaac Pitman & Sons, _c1963. |
||
| 300 |
_aviii,163 p. : _bill.; _c21 cm. |
||
| 500 | _aIncludes index. | ||
| 650 | _aElectric Filters. | ||
| 907 |
_a.b1016229x _b13-04-22 _c09-05-05 |
||
| 003 | |||
| 005 | 20230123134007.0 | ||
| 040 | _cNUST | ||
| 942 |
_cBOOKS _kTK7872.F5 _mWIL |
||
| 999 |
_c158164 _d158164 |
||